LEADER 03725nam 22007092 450 001 9910454926603321 005 20151005020621.0 010 $a1-107-12467-0 010 $a1-280-42141-X 010 $a0-511-17492-6 010 $a0-511-15502-6 010 $a0-511-32527-4 010 $a0-511-49528-5 010 $a0-511-04457-7 035 $a(CKB)111056485655748 035 $a(EBL)202126 035 $a(OCoLC)71422193 035 $a(SSID)ssj0000130625 035 $a(PQKBManifestationID)11134933 035 $a(PQKBTitleCode)TC0000130625 035 $a(PQKBWorkID)10097744 035 $a(PQKB)10096089 035 $a(UkCbUP)CR9780511495281 035 $a(MiAaPQ)EBC202126 035 $a(Au-PeEL)EBL202126 035 $a(CaPaEBR)ebr10005722 035 $a(CaONFJC)MIL42141 035 $a(EXLCZ)99111056485655748 100 $a20090306d2002|||| uy| 0 101 0 $aeng 135 $aur||||||||||| 181 $ctxt$2rdacontent 182 $cc$2rdamedia 183 $acr$2rdacarrier 200 10$aCopyright and multimedia products $ea comparative analysis /$fIrini A. Stamatoudi$b[electronic resource] 210 1$aCambridge :$cCambridge University Press,$d2002. 215 $a1 online resource (xv, 317 pages) $cdigital, PDF file(s) 225 1 $aCambridge intellectual property and information law ;$v3 300 $aTitle from publisher's bibliographic system (viewed on 05 Oct 2015). 311 $a0-521-04948-2 311 $a0-521-80819-7 320 $aIncludes bibliographical references (p. 283-314) and index. 327 $aCover; Half-title; Series-title; Title; Copyright; Dedication; Contents; Acknowledgments; Abbreviations; Introduction; 1 Placing multimedia products within the scope of copyright; 2 The scope of multimedia works; 3 Traditional literary works; 4 Collections and compilations; 5 Databases; 6 Audiovisual works; 7 Computer programs; 8 Video games as a test case; 9 Multimedia products and existing categories of copyright works; 10 A regime of protection for multimedia products; 11 Conclusions; Postscript; Bibliography; Index 330 $aMultimedia products have experienced tremendous market success. Yet too often they are given inadequate protection under existing national and international copyright schemes. Irini Stamatoudi provides a comprehensive, comparative treatment of multimedia works and copyright protection in this clear and concise volume. A detailed introduction outlines the nature of the multimedia work, as well as the scope of existing legislation; separate chapters consider collections and compilations, databases, audiovisual works and computer programs (video games are here treated as a 'test case'). Stamatoudi then analyses issues of qualification, regime of protection, and offers a model for a European legislative solution. Copyright and Multimedia Products will interest academics and students, as well as practitioners and copyright policy makers. 410 0$aCambridge intellectual property and information law ;$v3. 517 3 $aCopyright & Multimedia Products 606 $aCopyright$xInteractive multimedia 606 $aCopyright$xAudio-visual materials 606 $aCopyright and electronic data processing 606 $aIntellectual property 615 0$aCopyright$xInteractive multimedia. 615 0$aCopyright$xAudio-visual materials. 615 0$aCopyright and electronic data processing. 615 0$aIntellectual property. 676 $a346.04/82 700 $aStamatoudi$b Irini A.$0721541 801 0$bUkCbUP 801 1$bUkCbUP 906 $aBOOK 912 $a9910454926603321 996 $aCopyright and multimedia products$91899912 997 $aUNINA LEADER 05020oam 2200697 c 450 001 996419446803316 005 20231110221848.0 010 $a3-8394-5654-1 024 7 $a10.14361/9783839456545 035 $a(CKB)5590000000469584 035 $a(DE-B1597)574018 035 $a(OCoLC)1248760001 035 $a(DE-B1597)9783839456545 035 $a(MiAaPQ)EBC6762914 035 $a(Au-PeEL)EBL6762914 035 $a(transcript Verlag)9783839456545 035 $a(MiAaPQ)EBC6956297 035 $a(Au-PeEL)EBL6956297 035 $a(oapen)https://directory.doabooks.org/handle/20.500.12854/70135 035 $a(MiAaPQ)EBC30591544 035 $a(Au-PeEL)EBL30591544 035 $a(EXLCZ)995590000000469584 100 $a20220221d2021 uy 0 101 0 $ager 135 $aur||||||||||| 181 $ctxt$2rdacontent 182 $cc$2rdamedia 183 $acr$2rdacarrier 200 00$aZivilgesellschaft in der Bundesrepublik Deutschland$eAufbru?che, Umbru?che, Ausblicke$fBrigitte Grande, Edgar Grande, Udo Hahn 205 $a1st ed. 210 $aBielefeld$ctranscript Verlag$d2021 215 $a1 online resource (186 p.) 225 0 $aEdition Politik$v111 311 $a3-8376-5654-3 327 $tFrontmatter -- $tInhalt -- $tVorwort -- $tEinführung -- $tWie wichtig ist die Zivilgesellschaft? -- $tGeschichte der Zivilgesellschaft in der Bundesrepublik Deutschland -- $tAufbrüche I: Zivilgesellschaft und Wiederaufbau -- $tGewerkschaften als zivilgesellschaftliche Akteure in der Bundesrepublik -- $tUmbrüche I: Politischer Protest und Demokratisierung -- $tNeue Konflikte und neue soziale Bewegungen in Deutschland -- $tZivilgesellschaft und Demokratie -- $tAufbrüche II: Zivilgesellschaft und Wiedervereinigung -- $tPolitischer Protest und Zivilgesellschaft im deutschen Transformationsprozess -- $tUmbrüche II: Migration und die neuen Bürgerbewegungen in Deutschland -- $tMigrationsgesellschaft und Zivilgesellschaft -- $tZivilgesellschaft in der Migrationsgesellschaft -- $tUmbrüche III: Corona als Herausforderung für die Zivilgesellschaft -- $tWas wird aus dem harten Kern? -- $tEhrenamt und freiwilliges Engagement in der Corona-Krise -- $tCorona als Herausforderung für Kirchen und Bildungsarbeit -- $tAusblicke: Perspektiven der Zivilgesellschaft in Deutschland -- $tRechtspopulismus und organisierte Zivilgesellschaft -- $tEntwicklungen und Herausforderungen der Zivilgesellschaft in Deutschland -- $tAutorinnen und Autoren 330 $aWelche Bedeutung hatte die Zivilgesellschaft fu?r die Entwicklung der Bundesrepublik Deutschland? Wie hat sie sich gewandelt und vor welchen Herausforderungen steht sie? Die Beitra?ger*innen des Bandes aus Wissenschaft, Politik und Praxis nehmen zivilgesellschaftliche Schlu?sselakteure wie Gewerkschaften, soziale Bewegungen und Kirchen in den Blick und fragen nach ihrer Rolle in den Aufbruch- und Umbruchphasen der Bundesrepublik. Denn der wirtschaftliche Wiederaufbau, die gesellschaftliche Demokratisierung, die »Wiedervereinigung«, die Entwicklung zur Migrationsgesellschaft und die Herausforderungen der Corona-Pandemie sind ohne den aktiven Beitrag der Zivilgesellschaft nicht zu verstehen. 410 0$aEdition Politik 606 $aZivilgesellschaft; Gewerkschaft; Kirche; Soziale Bewegung; Bu?rgerschaftliches Engagement; Geschichte der BRD; Politik; Politische Theorie; Soziale Bewegungen; Politische Soziologie; Politikwissenschaft; Civil Society; Labour Union; Church; Social Movement; Volunteering; Hoistory of Brd; Politics; Political Theory; Social Movements; Political Sociology; Political Science; 610 $aChurch. 610 $aHoistory of Brd. 610 $aLabour Union. 610 $aPolitical Science. 610 $aPolitical Sociology. 610 $aPolitical Theory. 610 $aPolitics. 610 $aSocial Movement. 610 $aSocial Movements. 610 $aVolunteering. 615 4$aZivilgesellschaft; Gewerkschaft; Kirche; Soziale Bewegung; Bu?rgerschaftliches Engagement; Geschichte der BRD; Politik; Politische Theorie; Soziale Bewegungen; Politische Soziologie; Politikwissenschaft; Civil Society; Labour Union; Church; Social Movement; Volunteering; Hoistory of Brd; Politics; Political Theory; Social Movements; Political Sociology; Political Science; 676 $a320 700 $aGrande$b Brigitte$4edt$01434070 702 $aGrande$b Brigitte$pWissenschaftszentrum fu?r Sozialforschung Berlin (WZB), Deutschland$4edt 702 $aGrande$b Edgar$pWissenschaftszentrum fu?r Sozialforschung Berlin (WZB), Deutschland$4edt 702 $aHahn$b Udo$pWissenschaftszentrum fu?r Sozialforschung Berlin (WZB), Deutschland$4edt 712 02$aLeibniz-Gemeinschaft, Wissenschaftszentrum Berlin$4fnd$4http://id.loc.gov/vocabulary/relators/fnd 801 0$bDE-B1597 801 1$bDE-B1597 906 $aBOOK 912 $a996419446803316 996 $aZivilgesellschaft in der Bundesrepublik Deutschland$93585709 997 $aUNISA